00671nam a2200229 a 450000100060000000300090000600800410001502000150005604000280007108200180009910000250011724500250014226000310016730000110019849000150020959000490022465000530027365000580032665000280038494200120041299900170042416232CO-ViMGA141112s2004 ck r 000 u spa d a958045633X aCO-ViMGAbspacCO-ViMGA04aCo863.6 R393a1 aReyes, Yolanda9257910aLos años terribles aBogotá : bNorma, c2002 a190.p. aZona libre aForma de adquisición : Premio - Mincultura14aADOLESCENTES - ASPECTOS SOCIALES - NOVELA92320914aADOLESCENTES VIDA SOCIAL Y COSTUMBRES - NOVELA92321014aNOVELA COLOMBIANA91193 2ddccBK c26140d26140